Latinská Amerika : informační politická příručka /

Uložené v:
Podrobná bibliografia
Hlavný autor: Lukašovová, J. N. (Author)
Médium: Kniha
Jazyk:Czech
Vydané: Praha : Nakladatelství politické literatury, 1965.
Vydanie:Vyd. 1.
ISBN: (viaz.)
Fyzický popis: 342 s., 1 mapa
Tagy: Pridať tag
Žiadne tagy, Buďte prvý kto otaguje tento záznam!

MARC

LEADER 00000cam a22000007a 4500
001 000124601
005 20100606123607.0
008 040531 1965 xr cze d
020 |a (viaz.)  |z Kčs 32,50 
040 |a SVKKK  |b slo  |c SVKKK  |e AACR2 
041 0 |a cze 
044 |a xr  |c CZ 
100 1 |a Lukašovová, J. N.  |4 aut 
245 1 0 |a Latinská Amerika :  |b informační politická příručka /  |c Lukašovová, J.N. 
250 |a Vyd. 1. 
260 |a Praha :  |b Nakladatelství politické literatury,  |c 1965. 
300 |a 342 s.,  |e 1 mapa 
910 |a svkkk 
998 |a BK 
090 |g SCKHL  |k Sklad Pribinova 1. posch.  |a IV.34719  |j 349855  |i 2720216474  |s Absenčne 
090 |g SCKHL  |k Sklad Pribinova 1. posch.  |a IV0.4481  |j 023007  |i 124601-20  |s Absenčne